000 00692nam a22002177a 4500
003 UA-OsUOA
001 58515
007 ta
008 20090213b un ||||| |||| 00| 0 ukr d
100 _aКореняко М.Г.
090 _a330
_bК66
942 _cSA
040 _aUA-OsUOA
_bukr
_cUA-OsUOA
_dUA-OsUOA
245 _aМуніципальні запозичення як інструмент підтримки економічного розвитку регіонів
300 _aС.32-38
955 _a0
041 _aukr
080 _a330
773 0 _w58513
_tРегіональна економіка
_dЛьвів
_d2008
_g4
650 7 _a330 Економіка взагалі
_2UDC
999 _c344597
_d344597